00830nam a22002297a 450000500170000001000130001702000100003003500130004003700160005304000120006908200290008110000650011024500910017524600470026626000650031327000660037830000530044465000430049765000260054065000220056665000120058820170124103017.0 aA-224570 c00.00 aA-224570 bCen Lib/Ret aDPLbHN aउbवंधोपा  aवंधोपाध्याय, ताराशंकर  aमन्वन्तर /cताराशंकर वंधोपाध्याय aManvantar /bby Tarashankar Vandhopadhyaya aदिल्ली bराजपाल एंड संस  aकश्मीरी गेट bदिल्ली e110006 a292पृ. c17सेमी (सजिल्द) aबंगला साहित्य  aउपन्यास aBangla literature aFiction